[Event "4NCL/Div4/repaired - friendly"]
[Site "Birmingham ENG"]
[Date "2007.10.27"]
[Round "1"]
[White "Papier, Alan"]
[Black "Bromilow, Edward"]
[Result "1-0"]
[WhiteElo "1875"]
[BlackElo "1955"]
[PlyCount "33"]
[EventDate "2007.10.27"]
[EventType "game"]
[EventCountry "ENG"]
[SourceDate "2007.09.15"]

1. d4 Nf6 2. Nf3 e6 3. e3 b6 4. Bd3 Bb7 5. Nbd2 c5 6. b3 cxd4 7. exd4 Nc6 8. a3
g6 9. O-O Bg7 10. Ne4 Nxe4 11. Bxe4 d5 12. Bd3 Nxd4 13. Nxd4 Bxd4 14. Bb5+ Kf8
15. Qxd4 Rg8 16. Bh6+ Ke7 17. Bg5+ 1-0